[Event "Olimpiade 2024 - Donne"]
[Site "Budapest"]
[Date "20.09.2024"]
[Round "9.51"]
[Board "2"]
[White "Klaasen, Robyn Julian"]
[Black "Thornton, Filipina"]
[Result "1-0"]
[BlackTitle "WFM"]
[WhiteElo "1764"]
[BlackElo "1768"]
[WhiteTeam "South Africa"]
[BlackTeam "Malta"]
[WhiteFideId "14305020"]
[BlackFideId "5600464"]
[EventDate "2024.09.11"]

1. d4 d5 2. Nf3 Nf6 3. g3 c6 4. Bg2 Bf5 5. O-O e6 6. b3 Be7 7. Nbd2 Nbd7 8. c4
Rc8 9. Bb2 h6 10. Re1 O-O 11. Ne5 Nxe5 12. dxe5 Ne8 13. e4 dxe4 14. Nxe4 f6 15.
exf6 Nxf6 16. Qe2 Qb6 17. Nxf6+ Bxf6 18. Bxf6 Rxf6 19. Kh1 Rcf8 20. f4 Rd8 21.
Rad1 Qc7 22. Rxd8+ Qxd8 23. Rd1 Qe8 24. Rd6 Qg6 25. Bf3 Bh3 26. Qd1 Rf8 27. b4
Qf6 28. b5 cxb5 29. cxb5 g5 30. Bg4 Bxg4 31. Qxg4 Re8 32. Qh5 Rc8 33. Qe2 Rc1+
34. Kg2 gxf4 35. Qg4+ Kf8 36. Rxe6 f3+ 37. Kh3 Qf7 38. Rxh6 f2 39. Rh8+ Ke7 40.
Qb4+ Kd7 41. Qd2+ Ke7 42. Qd8+ Ke6 43. Rh6+ Ke5 44. Qd6+ Ke4 45. Re6+ Qxe6+ 46.
Qxe6+ Kd3 47. Qf5+ Ke2 48. Qe4+ Kd2 49. Qf4+ Ke2 50. Qxc1 f1=Q+ 51. Qxf1+ Kxf1
52. Kg4 a6 53. bxa6 bxa6 54. h4 a5 55. a4 Kg2 56. h5 Kf2 57. h6 1-0

[Event "Olimpiade 2024 - Donne"]
[Site "Budapest"]
[Date "20.09.2024"]
[Round "9.51"]
[Board "3"]
[White "Farrugia, Jamie"]
[Black "Nel, Hayley"]
[Result "0-1"]
[WhiteTitle "WFM"]
[WhiteElo "1733"]
[BlackElo "1753"]
[WhiteTeam "Malta"]
[BlackTeam "South Africa"]
[WhiteFideId "5600898"]
[BlackFideId "14338688"]
[EventDate "2024.09.11"]

1. e4 c6 2. d4 d5 3. exd5 cxd5 4. c4 Nf6 5. Nc3 e6 6. Nf3 Be7 7. cxd5 Nxd5 8.
Bd3 O-O 9. O-O Nc6 10. a3 Bf6 11. Bc2 b6 12. Qd3 g6 13. Re1 Qd6 14. Ne4 Qc7 15.
Nxf6+ Nxf6 16. Bg5 Nd5 17. Rac1 Bb7 18. Bb3 Qd6 19. Nd2 f5 20. Nc4 Qd7 21. Ne5
Qd6 22. Bh4 Na5 23. Bg3 Nxb3 24. Qxb3 f4 25. Bh4 Rac8 26. Qd3 Kg7 27. Bg5 Ne7
28. Nc4 Qd5 29. f3 Qxg5 30. Rxe6 b5 31. Rce1 bxc4 32. Rxe7+ Rf7 33. Qe2 Rc7 34.
Re8 Qf6 35. Re6 Qxd4+ 36. Kh1 Qc5 37. Qd2 Rcd7 38. Qc3+ Qd4 39. Qb4 c3 40. bxc3
Qxb4 41. axb4 Rc7 42. Rc1 Bd5 43. Re5 Bc4 44. Kg1 Rfe7 45. Re4 Rxe4 46. fxe4 Kf6
47. Kf2 Ke5 48. Rd1 Kxe4 49. Rd4+ Ke5 50. g3 fxg3+ 51. hxg3 Bb5 52. Rg4 a6 53.
Rg5+ Ke4 54. Rc5 Rxc5 55. bxc5 a5 56. Ke1 Kf3 0-1

[Event "Olimpiade 2024 - Donne"]
[Site "Budapest"]
[Date "20.09.2024"]
[Round "9.51"]
[Board "4"]
[White "Strong, Davida"]
[Black "Portelli, Martina"]
[Result "1-0"]
[WhiteElo "1733"]
[BlackElo "1523"]
[WhiteTeam "South Africa"]
[BlackTeam "Malta"]
[WhiteFideId "14333082"]
[BlackFideId "5601851"]
[EventDate "2024.09.11"]

1. d4 Nf6 2. c4 g6 3. Nc3 Bg7 4. e4 d6 5. Be2 O-O 6. Be3 e5 7. d5 Ne8 8. Qd2 a5
9. g4 Nf6 10. f3 c6 11. O-O-O c5 12. h4 Bd7 13. h5 a4 14. hxg6 fxg6 15. Bd3 Na6
16. Bh6 Rf7 17. Nge2 Nb4 18. Bb1 Qa5 19. Bxg7 Rxg7 20. a3 Na6 21. Rh6 b5 22.
cxb5 Bxb5 23. Nxb5 Qxb5 24. Nc3 Qa5 25. Bc2 Rb8 26. Nxa4 Qxd2+ 27. Rxd2 Rgb7 28.
Bd3 Nc7 29. Nc3 Na8 30. a4 Rb4 31. Bb5 Nc7 32. Kc2 Nxb5 33. axb5 Ne8 34. g5 Ng7
35. Rh1 Nh5 36. Ra1 Nf4 37. Ra6 Rd8 38. b3 Rd4 39. Na4 Rb4 40. b6 Rb8 41. Ra7
Nh3 42. Rg2 Nf4 43. Rh2 Nh5 44. Kc3 Kh8 45. Rd7 Rxa4 46. bxa4 Rxb6 47. Rb2 1-0

[Event "Olimpiade 2024 - Donne"]
[Site "Budapest"]
[Date "20.09.2024"]
[Round "9.52"]
[Board "1"]
[White "Feng, Eunice"]
[Black "Granados Ortiz, Maria Jose"]
[Result "1-0"]
[WhiteTitle "WFM"]
[BlackTitle "WFM"]
[WhiteElo "1974"]
[BlackElo "1935"]
[WhiteTeam "Hong Kong, China"]
[BlackTeam "Nicaragua"]
[WhiteFideId "331059520"]
[BlackFideId "6103812"]
[EventDate "2024.09.11"]

1. e4 Nf6 2. e5 Nd5 3. d4 d6 4. c4 Nb6 5. f4 dxe5 6. fxe5 Nc6 7. Be3 Bf5 8. Nc3
e6 9. Be2 Be7 10. Nf3 Bg4 11. O-O O-O 12. Qd2 Qd7 13. Rad1 Rad8 14. Qe1 f6 15.
exf6 Bxf6 16. Ne5 Bxe5 17. Rxf8+ Rxf8 18. dxe5 Qf7 19. Bxg4 Nxc4 20. Bc5 Re8 21.
Qf1 Qxf1+ 22. Rxf1 Nxb2 23. Bxe6+ Kh8 24. Bd7 1-0

[Event "Olimpiade 2024 - Donne"]
[Site "Budapest"]
[Date "20.09.2024"]
[Round "9.52"]
[Board "2"]
[White "Cabezas Calero, Abigail Carolina"]
[Black "Lou, Yuxin"]
[Result "1-0"]
[WhiteTitle "CM"]
[WhiteElo "1824"]
[BlackElo "1654"]
[WhiteTeam "Nicaragua"]
[BlackTeam "Hong Kong, China"]
[WhiteFideId "6105971"]
[BlackFideId "6013996"]
[EventDate "2024.09.11"]

1. e4 c5 2. c3 e6 3. d4 d5 4. exd5 exd5 5. Nf3 Nc6 6. Bb5 Nf6 7. Qe2+ Qe7 8. Ne5
Bd7 9. Bxc6 Bxc6 10. dxc5 Nd7 11. Nxc6 Qxe2+ 12. Kxe2 bxc6 13. b4 Be7 14. a3 Bf6
15. Kd3 O-O 16. Bf4 a5 17. Nd2 Ra7 18. Nb3 Rfa8 19. Rhe1 h6 20. Bd6 axb4 21.
axb4 Rxa1 22. Rxa1 Rxa1 23. Nxa1 Be5 24. Nb3 Bxd6 25. cxd6 Kf8 26. Kd4 Ke8 27.
f3 g5 28. Nc5 Nb6 29. Nd3 Nc4 30. Ne5 Nxe5 31. Kxe5 Kd7 32. b5 f6+ 33. Kxf6 Kxd6
34. bxc6 Kxc6 35. Ke5 Kc5 36. g3 Kc4 37. f4 Kxc3 38. Kxd5 1-0

[Event "Olimpiade 2024 - Donne"]
[Site "Budapest"]
[Date "20.09.2024"]
[Round "9.52"]
[Board "4"]
[White "Alvarez Gutierrez, Patricia"]
[Black "Liang, Liyun"]
[Result "1-0"]
[WhiteElo "1826"]
[BlackElo "1463"]
[WhiteTeam "Nicaragua"]
[BlackTeam "Hong Kong, China"]
[WhiteFideId "6105548"]
[BlackFideId "2408015"]
[EventDate "2024.09.11"]

1. d4 d5 2. Bf4 Nf6 3. e3 e6 4. Nf3 b6 5. Bd3 Bb7 6. Nbd2 c5 7. c3 Bd6 8. Bxd6
Qxd6 9. Ne5 Nc6 10. f4 a6 11. Qf3 b5 12. a3 Qe7 13. O-O c4 14. Bc2 h5 15. h3
Nxe5 16. fxe5 Nd7 17. a4 f5 18. exf6 Nxf6 19. Bg6+ Kd7 20. axb5 axb5 21. e4 Rxa1
22. Rxa1 Rh6 23. Qg3 h4 24. Qb8 Kc6 25. e5 Rxg6 26. exf6 Rxf6 27. Nf3 Qc7 28.
Ne5+ Kd6 29. Qe8 Bc8 30. Qxb5 Qb7 31. Qc5# 1-0

[Event "Olimpiade 2024 - Donne"]
[Site "Budapest"]
[Date "20.09.2024"]
[Round "9.53"]
[Board "1"]
[White "Ampaire, Shakira"]
[Black "Laamim, Roaa"]
[Result "0-1"]
[WhiteTitle "WCM"]
[WhiteElo "1839"]
[BlackElo "1879"]
[WhiteTeam "Uganda"]
[BlackTeam "Morocco"]
[WhiteFideId "10002782"]
[BlackFideId "9016333"]
[EventDate "2024.09.11"]

1. d4 d5 2. e4 dxe4 3. Nc3 Nf6 4. Bg5 Bf5 5. Qe2 Nbd7 6. Qb5 e6 7. Bxf6 Qxf6 8.
Qxb7 Rb8 9. Qxa7 Rxb2 10. O-O-O Rb8 11. Bb5 Rd8 12. Qxc7 Ba3+ 13. Kb1 O-O 14.
Ka1 Bb4 15. Nge2 Rc8 16. Qxd7 Bxc3+ 17. Nxc3 Rxc3 18. Kb2 Rfc8 19. Rd2 e5 20.
Qa7 exd4 21. Ba4 d3 22. Kc1 Ra3 23. Kb1 dxc2+ 24. Rxc2 e3 25. Rc1 Bxc2+ 26. Rxc2
Rac3 27. fxe3 Rxc2 28. Bxc2 Qf1+ 29. Kb2 Qxg2 30. Qa4 Qxh2 31. Qe4 Qxc2+ 32.
Qxc2 Rxc2+ 33. Kxc2 Kf8 34. Kd3 Ke7 35. Ke4 h5 36. Kf5 h4 37. Kg4 g5 38. a4 f5+
39. Kf3 Kd6 0-1

[Event "Olimpiade 2024 - Donne"]
[Site "Budapest"]
[Date "20.09.2024"]
[Round "9.53"]
[Board "2"]
[White "Chemaou lilya"]
[Black "Sana Omprakash Kayyar"]
[Result "0-1"]
[BlackTitle "WCM"]
[WhiteElo "1565"]
[BlackElo "1937"]
[WhiteTeam "Morocco"]
[BlackTeam "Uganda"]
[WhiteFideId "9015078"]
[BlackFideId "10021132"]
[EventDate "2024.09.11"]

1. e4 e5 2. Nf3 Nc6 3. Bc4 Nf6 4. d4 exd4 5. O-O d6 6. Ng5 Ne5 7. Bb3 h6 8. f4
hxg5 9. fxe5 dxe5 10. Bxg5 Be7 11. Qf3 Qd6 12. Nd2 Be6 13. Nc4 Qc5 14. Nd2 Qc6
15. Bxe6 Qxe6 16. Qf5 Qxf5 17. Rxf5 Nd7 18. Nc4 g6 19. Rf3 Bxg5 20. Raf1 Rh7 21.
g3 b5 22. Na5 Ke7 23. Nc6+ Kd6 24. Nb4 Be3+ 25. Kg2 Rah8 26. Rh1 c6 27. c3 Bg5
28. h4 Be7 29. Rd3 Kc7 30. Nc2 Nc5 31. Rd2 dxc3 32. bxc3 Nxe4 33. Re2 f5 0-1

[Event "Olimpiade 2024 - Donne"]
[Site "Budapest"]
[Date "20.09.2024"]
[Round "9.53"]
[Board "3"]
[White "Kawuma Patricia"]
[Black "El Harrak, Maryam"]
[Result "1/2-1/2"]
[WhiteElo "1839"]
[BlackElo "1639"]
[WhiteTeam "Uganda"]
[BlackTeam "Morocco"]
[WhiteFideId "10012486"]
[BlackFideId "9016210"]
[EventDate "2024.09.11"]

1. e4 c6 2. d4 d5 3. exd5 cxd5 4. Bd3 Nc6 5. c3 Nf6 6. h3 Ne4 7. Bxe4 dxe4 8. d5
Ne5 9. Qa4+ Qd7 10. Qxe4 Qf5 11. Qxf5 Bxf5 12. Na3 O-O-O 13. Nf3 Nd3+ 14. Kf1
Rxd5 15. Nd4 Bg6 16. Be3 Nxb2 17. Kg1 e5 18. Ndc2 Ra5 19. Bc1 Nd3 20. Nc4 Rc5
21. N2e3 Nxc1 22. Rxc1 f5 23. Nd2 Be7 24. Nb3 Rc6 25. Nd5 Bg5 26. Re1 Bf7 27.
Rxe5 Bxd5 28. Rxd5 g6 29. Rc5 Rxc5 30. Nxc5 Re8 31. g3 f4 32. gxf4 Bxf4 33. Kg2
g5 34. Kf3 b6 35. Ne4 Kb7 36. Rd1 Kc6 37. h4 Rf8 38. hxg5 Bxg5+ 39. Ke2 Re8 40.
f3 Re6 41. Rg1 h6 42. Kd3 Re5 43. c4 Ra5 44. Kd4 Ra3 45. Nxg5 hxg5 46. Rxg5 Rxf3
47. Rg2 Rf4+ 48. Kc3 Rf6 49. Rh2 Rf5 50. Kb4 a5+ 51. Kc3 Kc5 52. Rh3 b5 53. cxb5
Kxb5 54. Rh4 a4 55. a3 Rf3+ 56. Kb2 Rf2+ 57. Kb1 Rf1+ 58. Kb2 Rf2+ 59. Kb1 Rf1+
60. Kb2 Rf2+ 1/2-1/2

[Event "Olimpiade 2024 - Donne"]
[Site "Budapest"]
[Date "20.09.2024"]
[Round "9.53"]
[Board "4"]
[White "El Barbry, Sarah"]
[Black "Takali Milly"]
[Result "0-1"]
[WhiteElo "1862"]
[BlackElo "1707"]
[WhiteTeam "Morocco"]
[BlackTeam "Uganda"]
[WhiteFideId "26051419"]
[BlackFideId "10010173"]
[EventDate "2024.09.11"]

1. e4 c5 2. Nc3 d6 3. Bc4 g6 4. d3 Bg7 5. f4 Nf6 6. Nf3 O-O 7. O-O Nc6 8. Qe1
Bg4 9. Qh4 Bxf3 10. Rxf3 e6 11. f5 d5 12. Bb3 c4 13. Ba4 dxe4 14. dxe4 exf5 15.
Bxc6 Qb6+ 16. Kh1 Qxc6 17. exf5 Rfe8 18. Bg5 Ne4 19. f6 Nxc3 20. fxg7 Ne4 21.
Bh6 Re5 22. Raf1 f5 23. Be3 Rae8 24. Qh6 Nf6 25. h3 Re4 26. Kh2 Nd5 27. Bg5 Qc7+
28. Kh1 Qxg7 29. Kh2 Qxb2 30. Rd1 Qe5+ 31. Bf4 Nxf4 32. Rd7 Nh5+ 33. Kg1 Re1+ 0-1

[Event "Olimpiade 2024 - Donne"]
[Site "Budapest"]
[Date "20.09.2024"]
[Round "9.54"]
[Board "1"]
[White "Seine, Rose Berline"]
[Black "Marape, Naledi"]
[Result "1-0"]
[BlackTitle "WFM"]
[WhiteElo "1778"]
[BlackElo "1926"]
[WhiteTeam "Haiti"]
[BlackTeam "Botswana"]
[WhiteFideId "11900547"]
[BlackFideId "11310880"]
[EventDate "2024.09.11"]

1. d4 Nf6 2. c4 g6 3. b3 Bg7 4. Bb2 d5 5. e3 O-O 6. Nf3 c6 7. Be2 Bf5 8. O-O
Bxb1 9. Qxb1 Nbd7 10. cxd5 Nxd5 11. Rd1 Qb6 12. Nd2 a5 13. a4 e5 14. dxe5 Nxe5
15. Qc1 Qc7 16. Ne4 Rfd8 17. f4 f5 18. Ng5 Qe7 19. e4 Nd7 20. Bxg7 Kxg7 21. exd5
Qxe2 22. Re1 Qd3 23. Re7+ Kf8 24. Rf7+ Kg8 25. Qb2 Qe3+ 26. Kh1 Ne5 27. Rxb7
Rxd5 28. Qc1 Qxc1+ 29. Rxc1 Nd7 30. Kg1 h6 31. Nf3 c5 32. Rc2 Rb8 33. Rxb8+ Nxb8
34. Ne5 Kg7 35. Kf2 Kf6 36. Ke3 Na6 37. Rd2 Nb4 38. g3 g5 39. Nc4 gxf4+ 40. Kxf4
Rxd2 41. Nxd2 Nd3+ 42. Ke3 Nc1 43. h3 Ke6 44. h4 h5 45. Kf4 Kf6 46. Nc4 Nxb3 47.
Ke3 Ke6 48. Kd3 Nc1+ 49. Kd2 Nb3+ 50. Kc3 Nd4 51. Kd3 Nc6 52. Ne3 Ne5+ 53. Kc3
c4 54. Ng2 Kd5 55. Nf4+ Kc5 56. Nxh5 Nf7 57. Nf4 Nh6 58. Ne6+ Kd6 59. Nf4 Kc5
60. Ng2 Ng4 61. Nf4 Nf6 62. h5 Ng4 63. Ne6+ Kd6 64. Nd4 Nf6 65. Nxf5+ Ke5 66.
Ng7 Ng4 67. Kxc4 Kf6 68. Ne8+ Kg5 69. Kb5 Kxh5 70. Kxa5 Ne5 71. Kb5 Nd7 72. a5
Nb8 73. Kb6 Kg6 74. Kb7 Nd7 75. Nd6 Kf6 76. Kc7 Nc5 77. Kc6 Na6 78. Ne4+ Kg6 79.
Nc5 Nb4+ 80. Kb5 Nd5 81. Ne6 Kf6 82. Nf4 Ne7 83. a6 Nc8 84. Kc6 Na7+ 85. Kb7 Nb5
86. Nd5+ Ke5 87. Nc7 Nd6+ 88. Kb8 Nc4 89. a7 Nb6 90. Kb7 1-0

[Event "Olimpiade 2024 - Donne"]
[Site "Budapest"]
[Date "20.09.2024"]
[Round "9.54"]
[Board "2"]
[White "Banda Natalie Katlo"]
[Black "Cadeau, Merisena"]
[Result "1-0"]
[WhiteTitle "WCM"]
[WhiteElo "1893"]
[BlackElo "1671"]
[WhiteTeam "Botswana"]
[BlackTeam "Haiti"]
[WhiteFideId "11315075"]
[BlackFideId "11900733"]
[EventDate "2024.09.11"]

1. d4 d5 2. Nf3 Nf6 3. e3 Bf5 4. c4 e6 5. Qb3 b6 6. Nc3 c5 7. cxd5 exd5 8. Bb5+
Nbd7 9. Nxd5 Be6 10. Nxf6+ Qxf6 11. Bxd7+ Bxd7 12. Bd2 Be7 13. dxc5 Bxc5 14. Bc3
Qh6 15. Ne5 Qe6 16. Nxd7 Qxb3 17. Nf6+ gxf6 18. axb3 Ke7 19. b4 Bd6 20. Ra6 Rhd8
21. Ke2 Rd7 22. Rha1 b5 23. R1a5 Rb7 24. Bxf6+ Kd7 25. Bc3 Bc7 26. Ra1 Bb6 27.
Rd1+ Ke6 28. Bd4 Rg8 29. g3 Rc8 30. Bc5 Rc6 31. e4 Ke5 32. f3 f6 33. Rd5+ Ke6
34. Kd3 Rb8 35. Bxb6 axb6 36. Rxb5 Rd8+ 37. Ke3 Rdd6 38. f4 Rc2 39. Rbxb6 Rxb6
40. Rxb6+ Kf7 41. h4 Rxb2 42. Rb7+ Kg8 43. e5 Rb3+ 44. Ke4 fxe5 45. fxe5 Rxg3
46. Kf5 Rg1 47. e6 Rf1+ 48. Kg5 Rg1+ 49. Kf6 Rf1+ 50. Ke7 Rg1 51. Kd8 Rd1+ 52.
Rd7 1-0

[Event "Olimpiade 2024 - Donne"]
[Site "Budapest"]
[Date "20.09.2024"]
[Round "9.54"]
[Board "3"]
[White "Jonet, Davena"]
[Black "Mosweu, Atlang Amolemo"]
[Result "0-1"]
[BlackTitle "WCM"]
[WhiteElo "1659"]
[BlackElo "1797"]
[WhiteTeam "Haiti"]
[BlackTeam "Botswana"]
[WhiteFideId "11900636"]
[BlackFideId "11314907"]
[EventDate "2024.09.11"]

1. d4 d5 2. Bf4 Bf5 3. e3 e6 4. Bd3 Bxd3 5. Qxd3 c6 6. Nf3 Nd7 7. c4 Ngf6 8. a3
Qa5+ 9. Nc3 Be7 10. O-O O-O 11. c5 Qd8 12. b4 b6 13. h3 a5 14. e4 axb4 15. axb4
Rxa1 16. Rxa1 bxc5 17. bxc5 dxe4 18. Nxe4 Nxc5 19. Nxc5 Bxc5 20. Rc1 Bd6 21. Be5
Qd7 22. Bxd6 Qxd6 23. Qa6 Nd5 24. Qxc6 Qf4 25. Ra1 Nb4 26. Qc5 Nd5 27. Rd1 Qf6
28. Ne5 Qg5 29. Nf3 Qh5 30. Qc1 h6 31. Rd2 g5 32. Qa3 Nf4 33. Ne5 Nd5 34. Qf3
Qxf3 35. Nxf3 Kg7 36. Kh2 Rd8 37. Kg3 Nf6 38. Ra2 Ne4+ 39. Kg4 f5+ 40. Kh5 Nf6# 0-1

[Event "Olimpiade 2024 - Donne"]
[Site "Budapest"]
[Date "20.09.2024"]
[Round "9.54"]
[Board "4"]
[White "Rebatenne, Boitshepo"]
[Black "Dunat, Kineberlie"]
[Result "0-1"]
[WhiteElo "1696"]
[BlackElo "1582"]
[WhiteTeam "Botswana"]
[BlackTeam "Haiti"]
[WhiteFideId "11301503"]
[BlackFideId "11900814"]
[EventDate "2024.09.11"]

1. d4 d5 2. Bf4 Nf6 3. e3 Bf5 4. Nf3 e6 5. Bd3 Bxd3 6. Qxd3 Nbd7 7. Nbd2 c5 8.
c3 c4 9. Qc2 Be7 10. e4 dxe4 11. Nxe4 Nxe4 12. Qxe4 b5 13. Qc6 O-O 14. Qxb5 Rc8
15. Qa4 a5 16. O-O Nf6 17. Rfe1 Qb6 18. Rab1 Nd5 19. Bg3 Bf6 20. Nd2 Qa6 21. Ne4
Be7 22. Re2 f5 23. Nc5 Bxc5 24. dxc5 f4 25. Bh4 f3 26. Re4 Rxc5 27. Qd7 fxg2 28.
Rxe6 Qc8 29. Qd6 Nf4 30. Re7 Qf5 31. Rd1 Nh3+ 32. Kxg2 Qf3+ 33. Kf1 Qh1+ 34. Ke2
Qf3+ 35. Ke1 Qh1+ 36. Kd2 Rd5+ 37. Kc1 Qxd1# 0-1

[Event "Olimpiade 2024 - Donne"]
[Site "Budapest"]
[Date "20.09.2024"]
[Round "9.55"]
[Board "1"]
[White "Quevedo, Andreina"]
[Black "Karelina, Polina"]
[Result "0-1"]
[WhiteTitle "WFM"]
[BlackTitle "WFM"]
[WhiteElo "1851"]
[BlackElo "1898"]
[WhiteTeam "Uruguay"]
[BlackTeam "Bahamas"]
[WhiteFideId "3004147"]
[BlackFideId "10400222"]
[EventDate "2024.09.11"]

1. e4 e5 2. Nf3 d6 3. d4 Qe7 4. Nc3 c6 5. a4 Nf6 6. Bd3 Qc7 7. O-O Be7 8. Re1 h6
9. Bc4 Bg4 10. dxe5 dxe5 11. Be3 Nbd7 12. a5 Bb4 13. a6 b5 14. Bd3 Nc5 15. Bd2
Nxd3 16. cxd3 Qd6 17. h3 Bxf3 18. Qxf3 Rd8 19. d4 Qxd4 20. Be3 Qd7 21. Qg3 Kf8
22. Red1 Bd6 23. Bc5 Qe7 24. Qe3 Ne8 25. Bxa7 Nc7 26. Bb6 g6 27. g3 Kg7 28. Kg2
Ra8 29. a7 Ne6 30. Ne2 Rhc8 31. f4 c5 32. f5 gxf5 33. exf5 Nd4 34. Nc3 Qb7+ 35.
Qe4 Qxb6 36. Nd5 Qd8 37. f6+ Kh8 38. Qh4 Bf8 39. Ne7 Rc7 40. Qg4 Rxe7 41. fxe7
Qxe7 42. Qe4 Qe8 43. Ra6 Bg7 44. Qb7 e4 45. Rf1 f5 46. Rb6 Kh7 47. Rf4 e3 48.
Rh4 e2 49. Rbxh6+ Kg8 50. Qd5+ Kf8 51. Qxc5+ Qe7 52. Rh8+ Kf7 53. Qxe7+ Kxe7 54.
Rxa8 e1=Q 55. Re8+ Kxe8 56. a8=Q+ Ke7 57. Qa7+ Ke6 58. Qb6+ Kd5 59. Qb7+ Kc4 60.
Qc7+ Kd3 61. Qxg7 Qe2+ 62. Kg1 Nf3+ 0-1

[Event "Olimpiade 2024 - Donne"]
[Site "Budapest"]
[Date "20.09.2024"]
[Round "9.55"]
[Board "2"]
[White "Thomas, Nelissa"]
[Black "Fabra, Nahiara"]
[Result "0-1"]
[WhiteTitle "WCM"]
[WhiteElo "1631"]
[BlackElo "1932"]
[WhiteTeam "Bahamas"]
[BlackTeam "Uruguay"]
[WhiteFideId "10400494"]
[BlackFideId "3009572"]
[EventDate "2024.09.11"]

1. d4 d5 2. e3 c5 3. c3 Nc6 4. Bd3 e5 5. Bb5 Bd6 6. Nf3 e4 7. dxc5 Bxc5 8. Ne5
Ne7 9. O-O O-O 10. Nxc6 bxc6 11. Ba4 Bd6 12. f4 exf3 13. Qxf3 Qc7 14. g3 Bh3 15.
Rf2 f5 16. Bc2 Ng6 17. Nd2 Ne5 18. Qh5 Bg4 19. Qg5 Nf7 20. Qh4 g5 0-1

[Event "Olimpiade 2024 - Donne"]
[Site "Budapest"]
[Date "20.09.2024"]
[Round "9.55"]
[Board "3"]
[White "Silva Rosas, Natalia"]
[Black "Johnson, Daijah"]
[Result "1-0"]
[WhiteTitle "WCM"]
[BlackTitle "WCM"]
[WhiteElo "1868"]
[BlackElo "1625"]
[WhiteTeam "Uruguay"]
[BlackTeam "Bahamas"]
[WhiteFideId "3000575"]
[BlackFideId "10400591"]
[EventDate "2024.09.11"]

1. e4 c5 2. Nf3 e6 3. d3 d5 4. Nbd2 Nc6 5. g3 Bd6 6. Bg2 Nge7 7. O-O O-O 8. Re1
b6 9. Nf1 Bb7 10. e5 Bc7 11. c3 Ng6 12. Bg5 Qd7 13. d4 h6 14. Bd2 Rac8 15. Ne3
a6 16. Ng4 Kh7 17. h4 Bd8 18. h5 Nh8 19. Bf4 f5 20. exf6 Bxf6 21. Qd3+ Kg8 22.
Nxf6+ Rxf6 23. Bh3 Re8 24. Nh2 Bc8 25. Ng4 Rff8 26. Nh2 Qf7 27. Qe2 Kh7 28. Bd6
Rg8 29. Bg2 cxd4 30. cxd4 g6 31. Nf3 Rd8 32. Ba3 a5 33. Rac1 Bd7 34. Rc3 Qf6 35.
Ne5 Nxd4 36. hxg6+ Nxg6 37. Qd3 Bb5 38. Qxd4 Nxe5 39. Qxe5 Qxe5 40. Rxe5 d4 41.
Rc7+ Bd7 42. Rxe6 Rg7 43. Be4+ Kg8 44. Rd6 Kh8 45. Rxd4 Kg8 46. b3 b5 47. Bc6 1-0

[Event "Olimpiade 2024 - Donne"]
[Site "Budapest"]
[Date "20.09.2024"]
[Round "9.56"]
[Board "1"]
[White "Johnson, Gabriella"]
[Black "Shipindo, Rauha"]
[Result "1-0"]
[WhiteTitle "WIM"]
[BlackTitle "WFM"]
[WhiteElo "1896"]
[BlackElo "1677"]
[WhiteTeam "Trinidad & Tobago"]
[BlackTeam "Namibia"]
[WhiteFideId "7701128"]
[BlackFideId "15200493"]
[EventDate "2024.09.11"]

1. e4 c6 2. d4 d5 3. exd5 cxd5 4. Bd3 Nc6 5. c3 Qc7 6. h3 g6 7. Nf3 Bg7 8. O-O
Bf5 9. Re1 Nf6 10. Qe2 Bxd3 11. Qxd3 O-O 12. Nbd2 Rfe8 13. Ne5 Nh5 14. Ndf3 Nf6
15. Bf4 Ne4 16. Re2 Qc8 17. c4 f6 18. cxd5 Nxf2 19. Rxf2 fxe5 20. dxe5 Nd8 21.
Rc1 Qd7 22. e6 Qa4 23. Be5 Qxa2 24. Bxg7 Kxg7 25. Qd4+ Kg8 26. Ng5 Qa6 27. Nf7 1-0

[Event "Olimpiade 2024 - Donne"]
[Site "Budapest"]
[Date "20.09.2024"]
[Round "9.56"]
[Board "2"]
[White "Beukes Jamie-Nicole"]
[Black "Hermoso Rodriguez, Ysvett"]
[Result "0-1"]
[WhiteTitle "WCM"]
[BlackTitle "WCM"]
[WhiteElo "1735"]
[BlackElo "1943"]
[WhiteTeam "Namibia"]
[BlackTeam "Trinidad & Tobago"]
[WhiteFideId "15200906"]
[BlackFideId "3912167"]
[EventDate "2024.09.11"]

1. e4 e6 2. d4 d5 3. e5 c5 4. c3 Nc6 5. Nf3 Bd7 6. Be2 Qb6 7. O-O cxd4 8. cxd4
Nge7 9. Na3 Nf5 10. Nc2 h5 11. h4 g6 12. Qd3 a6 13. Be3 Na5 14. b3 Be7 15. g3
Bb5 16. Qd2 Bxe2 17. Qxe2 Nc6 18. Rfd1 Bf8 19. Qd2 Bg7 20. Ng5 Nce7 21. Ne1 Nxe3
22. Qxe3 Nf5 23. Qc3 O-O 24. Ngf3 Rfc8 25. Qd3 Rc6 26. Rac1 Rac8 27. Rc2 Bh6 28.
Rxc6 Qxc6 29. Nd2 Qc3 30. Qxc3 Rxc3 31. Ndf3 Bf8 32. Kf1 Be7 33. Ke2 Kf8 34. Rd3
Rc6 35. Kd1 Ke8 36. Rd2 Kd7 37. Rc2 Ng7 38. Nd3 Rxc2 39. Kxc2 b6 40. Kc3 Ne8 41.
a4 a5 42. b4 axb4+ 43. Nxb4 Ng7 44. Nd2 Nf5 45. Nb3 g5 46. hxg5 Bxg5 47. a5 bxa5
48. Nxa5 h4 49. gxh4 Bxh4 50. Nd3 Be7 51. Nb3 Kc6 52. Nbc5 Nh6 53. Na4 Ng4 54.
Nab2 Nh2 55. Ne1 Ng4 56. Nd1 Kb5 57. Kb3 Bh4 58. Nd3 Nh2 59. Ne1 Ng4 60. Nd3 Be7
61. Nc3+ Ka5 62. Nd1 Bd8 63. N1b2 Bg5 64. Nd1 Nh2 65. f4 Bh6 66. Ne3 Nf3 67. Kc3
Bf8 68. f5 Bh6 69. Nxd5 exd5 70. Nc5 Kb5 71. e6 fxe6 72. Nxe6 Nd2 73. Nc5 Ne4+
74. Kd3 Nxc5+ 75. dxc5 Kxc5 0-1

[Event "Olimpiade 2024 - Donne"]
[Site "Budapest"]
[Date "20.09.2024"]
[Round "9.56"]
[Board "3"]
[White "La Fleur, Zara"]
[Black "Van Wyk, Keisha C"]
[Result "1-0"]
[WhiteTitle "WCM"]
[WhiteElo "1773"]
[BlackElo "1599"]
[WhiteTeam "Trinidad & Tobago"]
[BlackTeam "Namibia"]
[WhiteFideId "7703848"]
[BlackFideId "15200574"]
[EventDate "2024.09.11"]

1. e4 c5 2. Nf3 d6 3. d4 cxd4 4. Nxd4 Nf6 5. Nc3 a6 6. Be2 e5 7. Nb3 Be7 8. Be3
Be6 9. Qd2 O-O 10. O-O-O Nbd7 11. f3 Rc8 12. g4 b5 13. g5 Nh5 14. Kb1 Nb6 15. f4
Nc4 16. Bxc4 Bxc4 17. f5 Qd7 18. f6 Bd8 19. Qxd6 Qh3 20. Bc5 Re8 21. fxg7 Be7
22. Qb6 Bxb3 23. Bxe7 Bxc2+ 24. Kxc2 Qg2+ 25. Kb1 Qg4 26. Rhg1 Qf3 27. Bf6 Rxc3
28. bxc3 Qxc3 29. Qd6 Nxf6 30. gxf6 Qe3 31. Rge1 Qc3 32. Rc1 Qa5 33. Qd7 Rd8 34.
Red1 1-0